Остров православия (Запись № 11345761)

Подробности
000 -МАРКЕР
контрольное поле 01866nam0a2200349 4500
001 - ИДЕНТИФИКАТОР ЗАПИСИ
контрольное поле RU\NLR\BIBL_A\011369996
005 - ИДЕНТИФИКАТОР ВЕРСИИ
контрольное поле 20260405133354.0
010 ## - МЕЖДУНАРОДНЫЙ СТАНДАРТНЫЙ НОМЕР КНИГИ (ISBN)
Номер (ISBN) 9785444461716
Тираж 1000
021 ## - НОМЕР ГОСУДАРСТВЕННОЙ РЕГИСТРАЦИИ
Код страны Российская Федерация
Номер 2017-20033
Номер Листа государственной регистраци 1476
035 ## - ДРУГИЕ СИСТЕМНЫЕ НОМЕРА
Идентификатор записи (RuMoRGB)008832030
035 ## - ДРУГИЕ СИСТЕМНЫЕ НОМЕРА
Идентификатор записи (NLR Aleph) 011369996
100 ## - ДАННЫЕ ОБЩЕЙ ОБРАБОТКИ
Данные общей обработки 20170418d2017 u y0rusy50 ca
101 0# - ЯЗЫК РЕСУРСА
Язык текста, звукозаписи и т.д. русский
102 ## - СТРАНА ПУБЛИКАЦИИ ИЛИ ПРОИЗВОДСТВА
Страна публикации Российская Федерация
105 ## - ПОЛЕ КОДИРОВАННЫХ ДАННЫХ: ТЕКСТОВЫЕ МАТЕРИАЛЫ, МОНОГРАФИЧЕСКИЕ
Кодированные данные о монографическом текстовом документе abchz 000zy
200 1# - ЗАГЛАВИЕ И СВЕДЕНИЯ ОБ ОТВЕТСТВЕННОСТИ
Основное заглавие Остров православия
Сведения, относящиеся к заглавию Валдайский Иверский Святоозерский Богородицкий мужской монастырь
-- [книга-альбом]
Первые сведения об ответственности Виктор Смирнов, Марина Яшина
210 ## - ПУБЛИКАЦИЯ, РАСПРОСТРАНЕНИЕ И ДР.
Место издания, распространения и т.д. Москва
Имя издателя, распространителя и т. д. Вече
Дата издания, распространения и т.д. 2017
215 ## - ФИЗИЧЕСКАЯ ХАРАКТЕРИСТИКА
Специфическое обозначение материала и объем 191 с.
Другие сведения о физической характеристике ил., цв. ил., факс., портр., карт.
Размеры 27
225 1# - СЕРИЯ
Основное заглавие серии Обители земли Новгородской
300 ## - ОБЩИЕ ПРИМЕЧАНИЯ
Текст примечания В подписях к портр. авт.: В.Г. Смирнов, почетный гражданин Великого Новгорода, М.В. Яшина, фотохудожник
517 1# - ДРУГИЕ ВАРИАНТЫ ЗАГЛАВИЯ
Вариант заглавия Валдайский Иверский Святоозерский Богородицкий мужской монастырь
601 02 - НАИМЕНОВАНИЕ ОРГАНИЗАЦИИ КАК ПРЕДМЕТ
Начальный элемент ввода Иверский-Богородицкий Святоозерский монастырь
Системный номер авторитетной/нормативной записи 2334133
Идентификатор авторитетной/нормативной записи RU\NLR\AUTH\661395601
686 2# - ИНДЕКСЫ ДРУГИХ КЛАССИФИКАЦИЙ
Индекс Э372.24-647.2
700 #1 - ИМЯ ЛИЦА - ПЕРВИЧНАЯ ОТВЕТСТВЕННОСТЬ
Графика поля Кириллица
Материалы, к которым относится поле rus
Начальный элемент ввода Смирнов
Часть имени, кроме начального элемента ввода В. Г.
Дополнения к именам, кроме дат писатель, канд. ист. наук
Даты 1945-
Расширение инициалов личного имени Виктор Григорьевич
Системный номер авторитетной/нормативной записи 37009
Идентификатор авторитетной/нормативной записи RU\NLR\AUTH\7754077
701 #1 - ИМЯ ЛИЦА - АЛЬТЕРНАТИВНАЯ ОТВЕТСТВЕННОСТЬ
Начальный элемент ввода Яшина
Часть имени, кроме начального элемента ввода М. В.
Расширение инициалов личного имени Марина Валентиновна
942 ## - ДОПОЛНИТЕЛЬНЫЕ ЭЛЕМЕНТЫ ЗАПИСИ (АБИС)
Тип экземпляра АБИС Книга
980 ## - КОЛЛЕКЦИЯ
Название коллекции НБР

Нет доступных экземпляров.